LEADER 01065nam0-2200349---450 001 990008363710403321 005 20170327102029.0 035 $a000836371 035 $aFED01000836371 035 $a(Aleph)000836371FED01 035 $a000836371 100 $a20060712d1990----km-y0itay50------ba 101 1 $aita 102 $aIT 105 $aa-------001yy 200 1 $aMucologia bronchiale e relative patologie$f[a cura di] Luigi Allegra, Pier Carlo Braga 210 $a[S.l.]$cDompé farmaceutici$dc1990 215 $aXI, 234 p.$cill.$d24 cm 225 1 $aCollana in mucologia bronchiale 300 $aEdizione fuori commercio 454 0$12001$aBronchial mucology and related diseases$956287 610 0 $aBronchi$aMalattie 676 $a616.23 702 1$aAllegra,$bLuigi$f<1938- > 702 1$aBraga,$bPier Carlo 801 0$aIT$bUNINA$gRICA$2UNIMARC 901 $aBK 912 $a990008363710403321 952 $a80 XXII 40 CFT (11)$bCFT$fFFABC 959 $aFFABC 996 $aBronchial mucology and related diseases$956287 997 $aUNINA LEADER 03187 am 2200781 n 450 001 9910495939403321 005 20240104222235.0 010 $a2-84867-746-5 024 7 $a10.4000/books.pufc.8578 035 $a(CKB)4100000011610405 035 $a(FrMaCLE)OB-pufc-8578 035 $a(oapen)https://directory.doabooks.org/handle/20.500.12854/86176 035 $a(PPN)251071677 035 $a(EXLCZ)994100000011610405 100 $a20201126j|||||||| ||| 0 101 0 $afre 135 $auu||||||m|||| 181 $ctxt$2rdacontent 182 $cc$2rdamedia 183 $acr$2rdacarrier 200 10$aAnatomie du corps violenté sur scène /$fPriscilla Wind 210 $aBesançon $cPresses universitaires de Franche-Comté$d2020 215 $a1 online resource (210 p.) 225 1 $aAnnales littéraires 311 $a2-84867-505-5 330 $aÀ mi-chemin entre la littérature et les arts du spectacle, le théâtre se distingue par la présence sur scène du corps de l?acteur. La violence infligée à ce corps soulève ainsi des questions à la fois d?ordre scénique, littéraire, mais aussi sociologique, tant le théâtre reflète perpétuellement les évolutions d?une société. Existe-t-il une anatomie de la violence théâtrale ? Le corps violenté prend-il toujours une dimension symbolique ou reste-t-il un matériau au service du metteur en scène, du chorégraphe ou de l?acteur ? Comment représenter la violence physique sur scène ? Enfin, quel rôle joue l?illusion théâtrale dans la mise en scène de cette violence ? Du texte à la scène, la (re)présentation scénique du corps violenté dissèque le rapport que nous entretenons à notre propre corps. 606 $aTheater 606 $athéâtre 606 $alittérature 606 $acorps 606 $aarts du spectacle 606 $aviolence théâtrale 606 $aviolence 606 $areprésentation scénique 610 $athéâtre 610 $alittérature 610 $acorps 610 $aarts du spectacle 610 $aviolence théâtrale 610 $aviolence 610 $areprésentation scénique 615 4$aTheater 615 4$athéâtre 615 4$alittérature 615 4$acorps 615 4$aarts du spectacle 615 4$aviolence théâtrale 615 4$aviolence 615 4$areprésentation scénique 700 $aBeaufils$b Éliane$01316893 701 $aBurkhardt$b Marie$01316894 701 $aClot$b Cécile-Eugénie$01316895 701 $aDelescu$b Magdalena-Luciana$01316896 701 $aEl Mansouri$b Ouafae$01316897 701 $aJamet$b Pierre$01316898 701 $aNovello Paglianti$b Nanta$01316899 701 $aRoma$b Vanessa$01316900 701 $aSmadja$b Isabelle$01290620 701 $aVacher$b Pascal$0224262 701 $aVan Haesebroeck$b Elise$01316901 701 $aWellnitz$b Philippe$01290399 701 $aWind$b Priscilla$01291705 701 $aWind$b Priscilla$01291705 801 0$bFR-FrMaCLE 906 $aBOOK 912 $a9910495939403321 996 $aAnatomie du corps violenté sur scène$93032803 997 $aUNINA